| 000 | 01126cam a2200313 a 4500 | ||
|---|---|---|---|
| 999 |
_c57274 _d57274 |
||
| 001 | 14430426 | ||
| 003 | GE_BSU | ||
| 005 | 20200131131953.0 | ||
| 008 | 060627s2006 maua b 001 0 eng | ||
| 010 | _a 2006930073 | ||
| 020 | _a189179230X (hardcover) | ||
| 020 | _a1891792296 (pbk.) | ||
| 040 |
_aDLC _cDLC |
||
| 050 | 0 | 0 |
_aLB1031 _b.P73 2006 |
| 245 | 0 | 2 |
_aA practical reader in universal design for learning / _cedited by David H. Rose and Anne Meyer. |
| 260 |
_aCambridge, MA : _bHarvard Education Press, _cc2006. |
||
| 300 |
_axi, 175 p. : _bill. ; _c23 cm. |
||
| 504 | _aIncludes bibliographical references and index. | ||
| 650 | 0 |
_aIndividualized instruction. _96600 |
|
| 650 | 0 |
_aEducational technology. _96601 |
|
| 650 | 0 |
_aCognitive styles. _96602 |
|
| 650 | 0 |
_aChildren with disabilities _xEducation. _96603 |
|
| 653 | _aპედაგოგიკა | ||
| 700 | 1 |
_aRose, David H. _q(David Howard) _96604 |
|
| 700 | 1 |
_aMeyer, Anne, _cEd. D. _96605 |
|
| 906 |
_a7 _bcbc _corignew _d2 _eepcn _f20 _gy-gencatlg |
||
| 942 |
_2udc _cBK |
||
| 955 |
_apc27 2006-06-27; _ise15 2007-03-28 _alg08 2007-05-23 copy 2 added |
||